[Event "Moscow Open 2012 A"]
[Site "Moscow RUS"]
[Date "2012.01.30"]
[Round "3.78"]
[White "Tilicheev,V"]
[Black "Baraeva,I"]
[Result "1-0"]
[WhiteElo "2373"]
[BlackElo "2165"]

1.d4 d5 2.c4 c6 3.Nf3 Nf6 4.Qc2 dxc4 5.Qxc4 Bg4 6.Nc3 Nbd7 7.e4 Bxf3 8.gxf3 e5
9.Be3 Bd6 10.O-O-O Qc7 11.f4 exf4 12.Bd2 Nb6 13.Qe2 Be7 14.Qf3 Qd7 15.Bxf4 Qg4
16.Qxg4 Nxg4 17.Rg1 Nf6 18.Be2 g6 19.d5 cxd5 20.Bb5+ Kf8 21.exd5 Kg7 22.d6 Bd8
23.Rge1 Rc8 24.Be5 a6 25.Bf1 Nc4 26.d7 Rc6 27.Bxc4 Rxc4 28.Kb1 Rc6 29.Nd5 Rf8
30.Nxf6 Rxf6 31.Rd6 Be7 32.Rxf6 Bxf6 33.Bxf6+ Kxf6 34.Re8  1-0

[Event "Moscow Open 2012 A"]
[Site "Moscow RUS"]
[Date "2012.01.30"]
[Round "3.65"]
[White "Rakhmanov,Ale"]
[Black "Omariev,M"]
[Result "1-0"]
[WhiteElo "2593"]
[BlackElo "2348"]

1.d4 d5 2.c4 c6 3.Nf3 Nf6 4.Qb3 dxc4 5.Qxc4 Bf5 6.g3 e6 7.Bg2 Nbd7 8.O-O Nb6
9.Qb3 Qd5 10.Nbd2 Qxb3 11.Nxb3 Be7 12.a4 a5 13.Ne5 Bc2 14.Nc5 Bxc5 15.dxc5 Nbd7
16.Nxd7 Nxd7 17.Bd2 e5 18.Ra3 Bg6 19.Rc1 Ke7 20.Rb3 Ra7 21.Re3 f6 22.f4 Re8
23.g4 Kd8 24.f5 Bf7 25.Rd3 Kc7 26.b3 h6 27.Kf2 Raa8 28.h4 Red8 29.Rcc3 Nf8
30.g5 hxg5 31.hxg5 Rxd3 32.Rxd3 Nd7 33.g6 Bg8 34.Rc3 Kd8 35.e4 Kc7 36.Bf1 Rd8
37.Be3 Nb8 38.Ke1 Re8 39.Bd2 Nd7 40.Kd1 Rd8 41.Kc2 Rb8 42.Be1 Ra8 43.Be2 Rb8
44.Bf2 Rd8 45.Rd3 Rb8 46.Kc3 Rd8 47.Be3 Rb8 48.Rd1 Rd8 49.Rh1 b6 50.cxb6+ Nxb6
51.Rh8 Nd5+ 52.exd5 cxd5 53.Kb2 d4 54.Bd2 d3  1-0

[Event "Moscow Open Women 2012"]
[Site "Moscow RUS"]
[Date "2012.01.30"]
[Round "3.57"]
[White "Muksimova,Oksana"]
[Black "Baraeva,M"]
[Result "0-1"]
[WhiteElo "1748"]
[BlackElo "2187"]

1.d4 d5 2.Nf3 Nf6 3.c4 c6 4.Qc2 dxc4 5.Qxc4 Bg4 6.Nbd2 Nbd7 7.g3 e6 8.Bg2 Be7
9.Ne5 Bh5 10.Nxd7 Qxd7 11.O-O O-O 12.Nf3 Rfd8 13.e3 Rac8 14.b4 Qc7 15.Bb2 Nd5
16.a3 a5 17.Bc3 Nxc3 18.Qxc3 axb4 19.axb4 Qb6 20.Ra4 Ra8 21.Rfa1 Bxb4 22.Qb3 Rxa4
23.Rxa4 c5 24.Ne5 Qc7 25.g4 Bg6 26.Nxg6 hxg6 27.dxc5 Bxc5 28.Bxb7 Bd6 29.h3 Kh7
30.Bf3 Rb8 31.Qc4 Qe7 32.Ra5 Qh4 33.Qd3 Qe7 34.Rh5+ Kg8 35.Rb5 Rd8 36.Qc3 Bb8
37.Qc6 Qf6 38.Qe4 Qa1+ 39.Kg2 Qa6 40.Qb4 Qc8 41.Rb7 Bd6 42.Qb5 Qc3 43.Rd7 Rb8
44.Qc6 Qxc6 45.Bxc6 Bc5 46.Rb7 Rc8 47.Bd7 Ra8 48.Rc7 Bf8 49.Rc8 Ra7 50.Bb5 Rb7
51.Bc4 Rb2 52.Kg3 g5 53.Kf3 g6 54.Kg3 Kg7 55.Rc7 Bd6+  0-1

[Event "Gibraltar Open"]
[Site "Caleta ENG"]
[Date "2012.01.31"]
[Round "8.8"]
[White "Laznicka,V"]
[Black "Howell,D"]
[Result "0-1"]
[WhiteElo "2704"]
[BlackElo "2603"]

1.d4 d5 2.c4 c6 3.Nf3 Nf6 4.Qc2 dxc4 5.Qxc4 Bf5 6.g3 e6 7.Bg2 Nbd7 8.e3 Be7
9.O-O O-O 10.Rd1 Ne4 11.Qe2 Qb6 12.Nc3 Rfd8 13.Ne1 Nxc3 14.bxc3 Bg6 15.e4 c5
16.Be3 Qa5 17.Nd3 Qxc3 18.dxc5 Rac8 19.Rab1 Nxc5 20.Rbc1 Na4 21.Nf4 Qb4 22.Rxd8+ Rxd8
23.Nxg6 hxg6 24.e5 Bc5 25.Bg5 Rd7 26.Qc2 b5 27.h4 a6 28.Bf3 Rd4 29.Qb3 Qa5
30.Kg2 Qb6 31.Rh1 Rb4 32.Qd3 Rb2 33.Kh3 Rxf2 34.Be4 Qc7 35.h5 Qxe5 36.Qd8+ Bf8
37.Rd1 f6 38.Bxg6 fxg5 39.Rd7 Rf3  0-1

[Event "ch-TUR w 2012"]
[Site "Kemer TUR"]
[Date "2012.01.31"]
[Round "4"]
[White "Ozturk,Ku"]
[Black "Sahin,Handenur"]
[Result "1-0"]
[WhiteElo "2309"]
[BlackElo "1729"]

1.d4 d5 2.c4 c6 3.Nf3 Nf6 4.Qc2 e6 5.e3 Nbd7 6.Nc3 Bd6 7.Bd3 O-O 8.O-O Qe7
9.e4 dxe4 10.Nxe4 Nxe4 11.Bxe4 Nf6 12.Bd3 h6 13.Bd2 b6 14.Rac1 c5 15.dxc5 Bxc5
16.a3 a5 17.Bc3 Rd8 18.Qe2 Bb7 19.Bb1 Rac8 20.h3 Rc7 21.Rfe1 Bd6 22.Ne5 Bxe5
23.Bxe5 Rcd7 24.Rcd1 Bc6 25.Rxd7 Rxd7 26.Bc3 Qd8 27.Bc2 Bb7 28.Qe3 Rd6 29.c5 bxc5
30.Qxc5 Rc6 31.Qe5 Qd5 32.Rd1 Qxg2+ 33.Kxg2 Rc5+ 34.Kg1 Rxe5 35.Rd8+  1-0

[Event "Moscow Open F 2012"]
[Site "Moscow RUS"]
[Date "2012.01.31"]
[Round "4.11"]
[White "Matveeva,O"]
[Black "Dibirova,U"]
[Result "1-0"]
[WhiteElo "2230"]
[BlackElo "1848"]

1.d4 d5 2.c4 c6 3.Nf3 Nf6 4.Qb3 e6 5.Bg5 Qa5+ 6.Nc3 Ne4 7.Bd2 Nxd2 8.Nxd2 Nd7
9.e3 Bd6 10.Bd3 O-O 11.O-O Qd8 12.c5 Bc7 13.Qc2 f5 14.f4 Nf6 15.Nf3 Bd7 16.b4 Ne4
17.a4 Nxc3 18.Qxc3 a6 19.Qb3 Qe8 20.Rab1 Qg6 21.Rf2 Rfb8 22.Rfb2 Qh5 23.Qc2 Bd8
24.Ne5 Be8 25.Qe2 Qh6 26.b5 axb5 27.axb5 Bc7 28.bxc6 bxc6 29.Rxb8 Bxb8 30.Nf3 Bh5
31.Qb2 Bxf3 32.Qb7 Qg6 33.Qc8+  1-0

[Event "Moscow Open 2012 A"]
[Site "Moscow RUS"]
[Date "2012.01.31"]
[Round "4.84"]
[White "Morozov,G"]
[Black "Petrukhina,I"]
[Result "1-0"]
[WhiteElo "2351"]
[BlackElo "2202"]

1.d4 d5 2.c4 c6 3.Nf3 Nf6 4.Qc2 g6 5.Bf4 Bg7 6.Nbd2 O-O 7.e3 c5 8.dxc5 Na6
9.cxd5 Nb4 10.Qb3 Nbxd5 11.Be5 Qa5 12.e4 Nc7 13.Qc3 Qxc3 14.Bxc3 Ne6 15.Rc1 Bd7
16.b4 Rfc8 17.Bc4 b6 18.e5 Nh5 19.g3 bxc5 20.b5 Nd4 21.a4 Nxf3+ 22.Nxf3 Bh6
23.Bd2 Bxd2+ 24.Kxd2 h6 25.e6 fxe6 26.Ne5 Rc7 27.Nxg6 Kg7 28.Ne5 Nf6 29.Rhe1 Rd8
30.Kc2 Bc8 31.Rcd1 Nd5 32.Nc6 Rf8 33.f4 Bb7 34.Rxe6 Nb6 35.Kb3 Bxc6 36.bxc6 Rb8
37.Ba6 Nc8+ 38.Kc4 Nb6+ 39.Kb5 Nc8+ 40.Kxc5 Nd6 41.Rdxd6 exd6+ 42.Kxd6 Rf7
43.Re7 Rb6 44.Bb5 Kf8 45.Rxf7+ Kxf7 46.a5  1-0

[Event "Moscow Open Women 2012"]
[Site "Moscow RUS"]
[Date "2012.02.01"]
[Round "5.12"]
[White "Idrisova,R"]
[Black "Ivakhinova,I"]
[Result "0-1"]
[WhiteElo "2128"]
[BlackElo "2291"]

1.d4 d5 2.c4 c6 3.Nf3 Nf6 4.Qc2 dxc4 5.Qxc4 Bf5 6.g3 e6 7.Bg2 Be7 8.O-O O-O
9.Nc3 Nbd7 10.e3 b5 11.Qe2 b4 12.Na4 Qa5 13.b3 Qb5 14.Qd1 Rfd8 15.Bb2 Rac8
16.Re1 Bd3 17.Rc1 Qa6 18.Nd2 Bb5 19.Nc4 c5 20.Bf1 cxd4 21.exd4 Nc5 22.Nxc5 Bxc5
23.Qc2 Bxd4 24.Bxd4 Rxd4 25.Rcd1 Rxd1 26.Rxd1 Nd5 27.Qd2 h6 28.Ra1 Qc6 29.a4 Ba6
30.Ne5 Qd6 31.Nc4 Qc5 32.Re1 Nc3 33.Re3 Bxc4 34.Rd3 Nb5 35.Rd4 a5  0-1

[Event "Moscow Open Women 2012"]
[Site "Moscow RUS"]
[Date "2012.02.01"]
[Round "5.18"]
[White "Sukhareva,E"]
[Black "Rodionova,Daria"]
[Result "1-0"]
[WhiteElo "2212"]
[BlackElo "1970"]

1.d4 d5 2.Nf3 Nf6 3.c4 c6 4.Qc2 dxc4 5.Qxc4 Bf5 6.g3 e6 7.Bg2 Nbd7 8.O-O Be7
9.Rd1 O-O 10.e3 Rc8 11.Qe2 Ne4 12.Nfd2 Ndf6 13.Nc4 Bg6 14.Ne5 Qc7 15.Nxg6 hxg6
16.Qc2 Nd6 17.e4 Nd7 18.Bf4 g5 19.Be3 c5 20.d5 e5 21.Bh3 g6 22.Nd2 Kg7 23.Nf3 Bf6
24.Nxg5 Rh8 25.Bg4 b6 26.Nf3 Rcd8 27.Re1 Qb7 28.h4 a5 29.Kg2 Kf8 30.Rac1 Re8
31.a3 Ke7 32.Bd2 c4 33.Bc3 Kd8 34.Nd2 Nc5 35.Be2 Qa6 36.b3 Nd3 37.Bxd3 cxd3
38.Qd1 Ke7 39.Nc4 Nxc4 40.bxc4 Rc8 41.Qxd3 Rhd8 42.Rf1 Ke8 43.Bb2 Qb7 44.f4 Qe7
45.Qc3 Bg7 46.fxe5 Rd7 47.Qd4 Qc5 48.Qd2 Qc7 49.Qg5 Qd8 50.e6 Bxb2 51.exd7+ Qxd7
52.Rc2 Bxa3 53.h5 Qe7 54.Qg4  1-0

[Event "Moscow Open D 2012"]
[Site "Moscow RUS"]
[Date "2012.02.01"]
[Round "5"]
[White "Matlakov,M"]
[Black "Grigoryan,Av"]
[Result "1-0"]
[WhiteElo "2625"]
[BlackElo "2621"]

1.d4 d5 2.Nf3 c6 3.c4 dxc4 4.e3 Be6 5.Be2 Nf6 6.O-O g6 7.Nc3 Bg7 8.e4 b5
9.Ng5 Bc8 10.e5 Nd5 11.a4 h6 12.Nge4 b4 13.Nb1 Bf5 14.Ng3 Bxb1 15.Rxb1 c3
16.e6 f5 17.Bh5 Qb6 18.Bxg6+ Kd8 19.Nxf5 Bf6 20.Ne3 cxb2 21.Bxb2 Na6 22.Be4 Nac7
23.Qb3 Ke8 24.Bxd5 cxd5 25.Nxd5 Nxd5 26.Qxd5 Rb8 27.Rbc1 Qa6 28.Qh5+ Kd8
29.Rc5 Qxe6 30.Rd5+ Kc7 31.Rc1+ Kb7 32.Rb5+ Ka6 33.Ra5+ Kb7 34.Qf3+ Kb6 35.Rb5+  1-0

[Event "Moscow Open F 2012"]
[Site "Moscow RUS"]
[Date "2012.02.01"]
[Round "5.2"]
[White "Kryakvin,D"]
[Black "Kharitonov,Alexandr"]
[Result "1/2-1/2"]
[WhiteElo "2566"]
[BlackElo "2540"]

1.d4 d5 2.c4 c6 3.Nf3 Nf6 4.Nbd2 Bf5 5.Nh4 Be6 6.e3 g6 7.Nhf3 Bg7 8.Be2 O-O
9.O-O Bg4 10.h3 Bxf3 11.Nxf3 e6 12.b3 Nbd7 13.Bb2 Re8 14.Qc2 Rc8 15.b4 Ne4
16.Rfd1 a5 17.a3 b5 18.c5 a4 19.Bd3 f5 20.Qe2 Qc7 21.Rac1  1/2-1/2

[Event "Gibraltar Open"]
[Site "Caleta ENG"]
[Date "2012.02.02"]
[Round "10.55"]
[White "Baron,Ta"]
[Black "Thingstad,E"]
[Result "1-0"]
[WhiteElo "2498"]
[BlackElo "2219"]

1.d4 d5 2.c4 c6 3.Nf3 Nf6 4.Qb3 e6 5.g3 b6 6.Bg2 Ba6 7.Nbd2 Be7 8.O-O O-O
9.Re1 Nbd7 10.e4 Nxe4 11.Nxe4 Bxc4 12.Qc2 dxe4 13.Qxc4 exf3 14.Bxf3 Rc8 15.Qa4 Qc7
16.Bf4 Qb7 17.Rac1 b5 18.Qc2 Qb6 19.Re3 Bf6 20.Rc3 Bxd4 21.Rxc6 Rxc6 22.Qxc6 Bxf2+
23.Kg2 Nf6 24.Bd6 Re8 25.Be5 Qxc6 26.Bxc6 Be3 27.Rc3 Rc8 28.Bxb5 Rxc3 29.Bxc3 Nd5
30.Be5 f6 31.Bb8 Kf7 32.Kf3 Bc5 33.Ke4 Bg1 34.h3 f5+ 35.Kd3 e5 36.Bxe5 Nb4+
37.Kd2 Nd5 38.Bc4 Ke6 39.Bxg7 Bh2 40.Bd4 Bxg3 41.Bxa7 Kd6 42.Bd3 Ke6 43.Bc4 Kd6
44.Bd4 Nf4 45.Bf1 Ne6 46.Ba7 Kc6 47.Bd3 Be5 48.Bxf5 Ng7 49.Be4+ Kb5 50.Bd3+ Kc6
51.b4 h5 52.a4 Ne6 53.Be4+ Kc7 54.b5 Bd4 55.Bxd4 Nxd4 56.Kc3 Ne6 57.a5 Nc5
58.Bf5 h4 59.Kb4 Nb7 60.Be4 Nd6 61.Bg2 Nc8 62.Kc5  1-0

[Event "Gibraltar Open"]
[Site "Caleta ENG"]
[Date "2012.02.02"]
[Round "10.19"]
[White "Brunello,S"]
[Black "El Debs,F"]
[Result "1/2-1/2"]
[WhiteElo "2581"]
[BlackElo "2497"]

1.d4 d5 2.c4 c6 3.Nf3 Nf6 4.Qc2 g6 5.Bf4 Bg7 6.e3 O-O 7.Nc3 Be6 8.Qb3 Qb6
9.Qxb6 axb6 10.Ng5 Bf5 11.cxd5 Nxd5 12.Nxd5 cxd5 13.Kd2 f6 14.Bxb8 Rfxb8
15.Nf3 Rc8 16.Bd3 Bxd3 17.Kxd3 e5 18.Kd2 Kf7 19.Rhc1 Rc6 20.Rc3 Ke7 21.a3 Kd7
22.Rac1 Rac8 23.R1c2 Kd6 24.Ng1 b5 25.Ne2 Rc4 26.b3 R4c6 27.a4 bxa4 28.bxa4 Ra8
29.Rxc6+ bxc6 30.Nc3 f5 31.Kd3 Rb8 32.Ra2 exd4 33.exd4 Rb4 34.Ne2 Kc7 35.Kc3 Rc4+
36.Kd3 Rb4 37.h3 Rb1 38.Nc3 Rb4  1/2-1/2

[Event "ch-TUR 2012"]
[Site "Kemer TUR"]
[Date "2012.02.02"]
[Round "7"]
[White "Erdogdu,M"]
[Black "Ali Marandi,C"]
[Result "1/2-1/2"]
[WhiteElo "2424"]
[BlackElo "2292"]

1.d4 d5 2.c4 c6 3.Nf3 Nf6 4.Nbd2 e6 5.g3 c5 6.Bg2 Nc6 7.O-O cxd4 8.cxd5 Nxd5
9.Nb3 Be7 10.Nfxd4 Nxd4 11.Nxd4 O-O 12.e4 Nb6 13.b3 Bc5 14.Bb2 Qe7 15.Qe2 Rd8
16.Rfd1 e5 17.Nf5 Bxf5 18.exf5 f6 19.Rac1 Rac8 20.Qe4 h6 21.Bf3 Rxd1+ 22.Rxd1 Rc7
23.Kg2 Nd7 24.Qd5+ Kh8 25.Rc1 Nb6 26.Qe6 Qd8 27.b4 Bxb4 28.Rxc7 Qxc7 29.Qe8+ Kh7
30.Qg6+ Kh8 31.Qe8+ Kh7 32.Qg6+  1/2-1/2

[Event "Moscow Open Women 2012"]
[Site "Moscow RUS"]
[Date "2012.02.02"]
[Round "6.9"]
[White "Galojan,L"]
[Black "Kostitsina,L"]
[Result "1-0"]
[WhiteElo "2366"]
[BlackElo "2043"]

1.d4 d5 2.c4 c6 3.Nf3 Nf6 4.Qc2 e6 5.g3 Nbd7 6.Bg2 dxc4 7.Qxc4 Bd6 8.O-O O-O
9.Rd1 Qe7 10.Nc3 Nb6 11.Qd3 c5 12.Bg5 h6 13.Bxf6 Qxf6 14.Ne4 Qe7 15.Nxd6 Qxd6
16.Qa3 Rd8 17.Qxc5 Qxc5 18.dxc5 Rxd1+ 19.Rxd1 Nd7 20.b4 a5 21.b5 Nxc5 22.Rd8+ Kh7
23.Ne5 Na4 24.Nxf7 Nb6 25.Be4+ g6 26.Nd6 Kg7 27.Nxc8 Rxc8 28.Rxc8 Nxc8 29.Bxb7 Nb6
30.f4 Kf6 31.Be4 Na4 32.Kf2 Nc3 33.Bd3 Ke7 34.Bc4 Kd6 35.Ke3 e5 36.fxe5+ Kxe5
37.b6 Kd6 38.Kd4 Nd1 39.Bd5 Nf2 40.b7 Kc7 41.e4 Ng4 42.h3 Nf2 43.e5 Nxh3
44.e6 Ng5 45.e7  1-0

[Event "ch-TUR 2012"]
[Site "Kemer TUR"]
[Date "2012.02.03"]
[Round "8"]
[White "Ari,Lokman"]
[Black "Metin,O"]
[Result "0-1"]
[WhiteElo "1809"]
[BlackElo "2005"]

1.Nf3 Nf6 2.d4 d5 3.c4 c6 4.Qc2 e6 5.g3 Bd6 6.Bg2 O-O 7.a4 Nbd7 8.O-O Qe7
9.c5 Bc7 10.b4 e5 11.e3 Re8 12.Nc3 h5 13.Bb2 e4 14.Nd2 h4 15.Rae1 Nf8 16.f3 exf3
17.Nxf3 hxg3 18.h3 Ng6 19.Ng5 Be6 20.e4 Nxe4 21.Ncxe4 dxe4 22.Nxe6 Qxe6 23.Rxe4 Qd7
24.Rfe1 Nf4 25.h4 f5 26.R4e3 Rxe3 27.Rxe3 Re8 28.Qd2 Nxg2 29.Kxg2 Qd5+ 30.Kg1 Re4
31.Rxe4 Qxe4 32.d5 cxd5 33.Qc3 d4 34.Qxd4 Qe1+ 35.Kg2 Qe2+ 36.Kg1 Qh2+  0-1

[Event "Moscow Open 2012 A"]
[Site "Moscow RUS"]
[Date "2012.02.03"]
[Round "7.45"]
[White "Cori T.,D"]
[Black "Mozharov,M"]
[Result "0-1"]
[WhiteElo "2415"]
[BlackElo "2478"]

1.d4 d5 2.Nf3 Nf6 3.c4 c6 4.Qb3 dxc4 5.Qxc4 Bg4 6.Nbd2 Nbd7 7.h3 Bh5 8.g4 Bg6
9.Bg2 e6 10.O-O Ne4 11.Qb3 Nb6 12.a4 a5 13.Ne5 Nxd2 14.Bxd2 Bd6 15.e4 Bxe5
16.dxe5 Qxd2 17.Qxb6 Qf4 18.Ra3 h5 19.Qe3 Qxe3 20.Rxe3 hxg4 21.hxg4 Rh4 22.f4 Rxg4
23.f5 Bh5 24.Rd3 Rg5 25.Rf2 Rd8 26.Rxd8+ Kxd8 27.Kh2 Bg4 28.f6 gxf6 29.exf6 e5
30.Bf1 Be6 31.Rc2 Kc7 32.Rc5 Kb6 33.Rc3 Rg6 34.Rf3 Kc5  0-1

[Event "Moscow Open 2012 A"]
[Site "Moscow RUS"]
[Date "2012.02.03"]
[Round "7.11"]
[White "Khusnutdinov,R"]
[Black "Maletin,P"]
[Result "1/2-1/2"]
[WhiteElo "2492"]
[BlackElo "2575"]

1.d4 d5 2.c4 c6 3.Nf3 Nf6 4.Qb3 e6 5.Bg5 h6 6.Bh4 Be7 7.e3 O-O 8.Nc3 Nbd7
9.Rd1 a6 10.a4 b6 11.Bd3 Bb7 12.O-O c5 13.Ne5 cxd4 14.exd4 Rb8 15.Rfe1 Qc7
16.Bg3 Bd6 17.Rc1 Bxe5 18.dxe5 dxc4 19.Bxc4 Nh5 20.Bf1 Nxg3 21.hxg3 Rbc8
22.Na2 Qb8 23.Qe3 Rxc1 24.Nxc1 Rc8 25.Nd3 Rc4 26.b3 Re4 27.Qd2 Rxe1 28.Qxe1 a5
29.Qc3 Ba6 30.f4 Bxd3 31.Bxd3 Nc5 32.Bc2 h5 33.b4 axb4 34.Qxb4 Qc7 35.Qd4 g6
36.Kh2 Kg7 37.Kg1 Qe7 38.Kh2 Qc7 39.Kg1 Qe7 40.Kh2 Qc7  1/2-1/2

[Event "ch-TUR 2012"]
[Site "Kemer TUR"]
[Date "2012.02.04"]
[Round "9"]
[White "Severcan,Sedat Sabri"]
[Black "Ari,Lokman"]
[Result "1-0"]
[WhiteElo "1994"]
[BlackElo "1809"]

1.c4 Nf6 2.d4 c6 3.Nf3 d5 4.g3 e6 5.Bg2 Be7 6.O-O Nbd7 7.b3 O-O 8.Nbd2 b6
9.Bb2 Bb7 10.Ne5 Qc7 11.Rc1 Rac8 12.cxd5 exd5 13.e4 c5 14.Nxd7 Qxd7 15.dxc5 Rxc5
16.Rxc5 Bxc5 17.e5 Ne8 18.Nf3 Nc7 19.Ng5 Qf5 20.Qd2 h6 21.Nf3 Rd8 22.b4 Be7
23.Nd4 Qd7 24.f4 Nb5 25.f5 Nxd4 26.Bxd4 Qb5 27.a3 Bg5 28.Qd1 Rc8 29.h4 Rc1
30.Qg4 Ba6 31.Rxc1 Bxc1 32.e6 g5 33.fxg6 fxg6 34.Qxg6+  1-0

[Event "Moscow Open 2012 A"]
[Site "Moscow RUS"]
[Date "2012.02.04"]
[Round "8.89"]
[White "Baraeva,I"]
[Black "Anfinogenov,A"]
[Result "0-1"]
[WhiteElo "2165"]
[BlackElo "2109"]

1.d4 d5 2.Nf3 Nf6 3.c4 c6 4.Qb3 dxc4 5.Qxc4 Bf5 6.Nc3 e6 7.g3 Nbd7 8.Bg2 Bd6
9.O-O O-O 10.Re1 e5 11.e4 Be6 12.Qa4 exd4 13.Nxd4 Nc5 14.Nxe6 fxe6 15.Qc4 Ng4
16.Be3 Nxe3 17.Rxe3 b5 18.Qe2 e5 19.Qc2 Qf6 20.Rd1 Rad8 21.Rf3 Qe7 22.Rxf8+ Rxf8
23.Ne2 a5 24.b3 Bc7 25.f3 Bb6 26.Kh1 Rd8 27.Bh3 Rd6 28.Bf1 Qd8 29.Nc3 Rxd1
30.Qxd1 Qxd1 31.Nxd1 Kf7 32.Kg2 Ke6 33.Be2 Kd6 34.Ne3 Ne6 35.Nc2 Kc5 36.Kh3 Nd4
37.Nxd4 exd4 38.a3 d3 39.Bxd3 Kd4 40.Bf1 Kc3 41.a4 Kxb3 42.axb5 a4 43.Kh4 a3
44.Bh3 cxb5 45.Be6+ Kb2 46.Kg5 b4 47.e5 b3 48.Bxb3 Kxb3 49.e6 Bd8+  0-1

[Event "Moscow Open Women 2012"]
[Site "Moscow RUS"]
[Date "2012.02.05"]
[Round "9.20"]
[White "Sukhareva,E"]
[Black "Styazhkina,A"]
[Result "1-0"]
[WhiteElo "2212"]
[BlackElo "2090"]

1.d4 d5 2.Nf3 c6 3.c4 Nf6 4.Qc2 dxc4 5.Qxc4 Bf5 6.g3 e6 7.Bg2 Be7 8.O-O O-O
9.e3 Nbd7 10.Rd1 Rc8 11.Qe2 Ne4 12.Nfd2 Ndf6 13.Nc4 b5 14.Ne5 Nd7 15.g4 Bxg4
16.Qxg4 f5 17.Qe2 Nxe5 18.dxe5 Qc7 19.f3 Nc5 20.f4 g5 21.Nd2 Kh8 22.Nf1 Rg8
23.Ng3 Rg6 24.Bd2 Rcg8 25.Be1 gxf4 26.exf4 Rg4 27.Bf2 Rxf4 28.Rac1 Ne4 29.Bxe4 Rxe4
30.Qd3 Bg5 31.Rb1 Rg4 32.Kh1 Qg7 33.Qf3 Qh6 34.Rg1 Bf4 35.Rbe1 Rh4 36.Rg2 Rh3
37.Kg1 Bd2 38.Rd1 Bf4 39.Qxc6 Bxg3 40.Rxg3 Rhxg3+ 41.hxg3 f4 42.Rd3 Qg6 43.Qxb5 h5
44.Rf3 Qg4 45.Qd3 h4 46.Kg2 fxg3 47.Bxg3 Qb4 48.b3 Qc5 49.Qd2 Rg6 50.Qd8+ Kg7
51.Qxh4 Qc2+ 52.Rf2 Qc6+ 53.Kh2 Qb7 54.Rf6  1-0

[Event "11th Aeroflot Open B"]
[Site "Moscow RUS"]
[Date "2012.02.07"]
[Round "1"]
[White "Rychagov,A"]
[Black "Gabuzyan,H"]
[Result "1/2-1/2"]
[WhiteElo "2542"]
[BlackElo "2402"]

1.d4 d5 2.c4 c6 3.Nf3 Nf6 4.Qc2 dxc4 5.Qxc4 Bf5 6.g3 e6 7.Bg2 Nbd7 8.O-O Be7
9.e3 O-O 10.Rd1 Qc7 11.Nc3 e5 12.h3 Rad8 13.Qe2 Bb4 14.dxe5 Nxe5 15.Nd4 Bxc3
16.Nxf5 Rxd1+ 17.Qxd1 Rd8 18.Qc2 Ba5 19.e4 Nd3 20.Bg5 Qe5 21.f4 Qe6 22.Qe2 Nc5
23.Nxg7 Kxg7 24.e5 Nd5 25.Bxd8 Bxd8 26.Rf1 Bb6 27.Kh2 Na6 28.Qh5 Nac7 29.Be4 h6
30.Bf5 Qe7 31.Qg4+ Kf8 32.Qh5 Kg7 33.Qg4+ Kf8 34.Qh5 Kg7  1/2-1/2

[Event "11th Aeroflot Open B"]
[Site "Moscow RUS"]
[Date "2012.02.08"]
[Round "2"]
[White "Nguyen Van Huy"]
[Black "Alavkin,A"]
[Result "1-0"]
[WhiteElo "2473"]
[BlackElo "2383"]

1.Nf3 d5 2.d4 Nf6 3.c4 c6 4.Qb3 dxc4 5.Qxc4 Bf5 6.g3 e6 7.Bg2 Be7 8.O-O O-O
9.e3 Nbd7 10.Rd1 Rc8 11.Qe2 h6 12.Nc3 Qb6 13.e4 Bg4 14.h3 Bh5 15.Be3 Qa5
16.a3 Bxf3 17.Bxf3 e5 18.dxe5 Nxe5 19.Bg2 b5 20.Bd4 Qc7 21.Rac1 Qb8 22.f4 Nc4
23.e5 Nd7 24.Ne4 f5 25.exf6 Nxf6 26.b3 Nxa3 27.Ng5 Qb7 28.Qe6+ Kh8 29.Nf7+ Kh7
30.Bxf6 Rxf7 31.Be4+ Kg8 32.Bxe7 Re8 33.Bg6 Qb6+ 34.Kh1 Rxe7 35.Bxf7+ Kf8
36.Qf5 Rxf7 37.Qc8+ Ke7 38.Re1+  1-0

[Event "11th Aeroflot Open B"]
[Site "Moscow RUS"]
[Date "2012.02.10"]
[Round "4"]
[White "Nguyen Van Huy"]
[Black "Petrosyan,M"]
[Result "1-0"]
[WhiteElo "2473"]
[BlackElo "2205"]

1.Nf3 d5 2.d4 Nf6 3.c4 c6 4.Qb3 e6 5.g3 Nbd7 6.Bg2 Bd6 7.O-O O-O 8.Nc3 b6
9.e4 Nxe4 10.Nxe4 dxe4 11.Ng5 Nf6 12.Nxe4 Nxe4 13.Bxe4 Bd7 14.Qc2 h6 15.c5 Be7
16.Bf4 g5 17.Bh7+ Kh8 18.Be5+ f6 19.Qg6 fxe5 20.Qxh6 Rf7 21.Bg6+ Kg8 22.Bxf7+ Kxf7
23.Qh7+ Kf8 24.dxe5 Qe8 25.Rad1 Rd8 26.Rd3 g4 27.f3 Bxc5+ 28.Kg2 Qe7 29.fxg4+  1-0

[Event "11th Aeroflot Open B"]
[Site "Moscow RUS"]
[Date "2012.02.10"]
[Round "4"]
[White "Iljushin,A"]
[Black "Matinian,N"]
[Result "1/2-1/2"]
[WhiteElo "2523"]
[BlackElo "2438"]

1.d4 d5 2.c4 c6 3.Nf3 Nf6 4.Qb3 dxc4 5.Qxc4 Bf5 6.g3 e6 7.Bg2 Nbd7 8.O-O Be7
9.e3 O-O 10.Nc3 Ne4 11.Rd1 Qa5 12.Bd2 Nxd2 13.Nxd2 Rfd8 14.a3 e5 15.b4 Qc7
16.d5 Nb6 17.Qa2 Bg4 18.Rdc1 Qd7 19.Nc4 Nxc4 20.Qxc4 cxd5 21.Nxd5 Bd6 22.Qb3 Rac8
23.a4 Rxc1+ 24.Rxc1 Rc8 25.Rxc8+ Qxc8 26.Nc3 Be6 27.Bd5 Bxd5 28.Nxd5 a6 29.b5 axb5
30.axb5 Qc5 31.Kg2 h5 32.Nc3 Be7 33.Ne4 Qc7 34.Qd5 Kf8 35.h4 Ke8 36.Qa2 g6
37.Qb3 Kf8 38.Qd5 Ke8 39.Kf3 Kf8 40.Nd2 f5 41.Nc4 e4+ 42.Kg2 Kg7 43.b6 Qc8
44.Ne5 Kf6 45.Nd7+ Kg7 46.Qe5+ Kf7 47.Qc7 Qa8 48.Ne5+ Ke6 49.Nxg6 Bd6 50.Qh7 Qa6  1/2-1/2

[Event "Bronshoj Lang Weekend 2012"]
[Site "Copenhagen DEN"]
[Date "2012.02.12"]
[Round "4"]
[White "Jacobsen,Mad"]
[Black "Rostgaard,T"]
[Result "0-1"]
[WhiteElo "1949"]
[BlackElo "2232"]

1.d4 d5 2.c4 c6 3.Nf3 Nf6 4.Qc2 g6 5.Bf4 Bg7 6.e3 O-O 7.Nc3 Bf5 8.Qb3 Qb6
9.h3 Na6 10.c5 Qxb3 11.axb3 Nb4 12.Ra4 Nd3+ 13.Bxd3 Bxd3 14.Kd2 Be4 15.Ne1 Nd7
16.f3 Bf5 17.g4 Be6 18.Nd3 f6 19.Re1 Bf7 20.Bg3 e5 21.Bf2 Rfe8 22.b4 a6 23.f4 e4
24.Nc1 Be6 25.Nb3 h5 26.Rg1 Kf7 27.Raa1 Rh8 28.Rg2 hxg4 29.hxg4 Rab8 30.Rag1 Bf8
31.Ra1 Be7 32.Kc2 Bd8 33.Kd2 Bc7 34.Na5 Rh3 35.Rag1 Nf8 36.Ra1 Bd7 37.Nb3 Ne6
38.Kc2 Rbh8 39.Rag1 Rh2 40.Ne2 Ng7 41.Kd2 Bxg4 42.Rxg4 Rxf2 43.Rxg6 Nf5 44.Nc1 a5
45.b3 axb4 46.R6g4 b6 47.cxb6 Bxb6 48.Na2 Rhh2 49.Nc1 c5 50.Rg8 cxd4 51.Rb8 dxe3+
52.Ke1 Bc5 53.Rb5 Be7 54.Rxd5 Nh4 55.Nd4 Rd2 56.Nce2 Rhxe2+  0-1

[Event "TCh-CZE Liga1 Vychod"]
[Site "Czech Rep CZE"]
[Date "2012.02.12"]
[Round "8"]
[White "Haba,Z"]
[Black "Olsar,J"]
[Result "1/2-1/2"]
[WhiteElo "2207"]
[BlackElo "2231"]

1.d4 d5 2.c4 c6 3.Nf3 Nf6 4.Nbd2 e6 5.Qc2 Nbd7 6.e4 dxe4 7.Nxe4 Nxe4 8.Qxe4 Bb4+
9.Bd2 Bxd2+ 10.Nxd2 O-O 11.O-O-O c5 12.Nb3 Qb6 13.Be2 cxd4 14.Qxd4 Qxd4 15.Rxd4 e5
16.Rd5 Re8 17.Rhd1 Nf6 18.Rd8 Bf5 19.Rxa8 Rxa8 20.Na5 b6 21.Nc6 Be4 22.Nxa7 Kf8
23.Nb5 Rxa2 24.Rd8+ Ke7 25.Rb8 Nd7 26.Rg8 Nc5 27.Bf3 Nb3+ 28.Kd1 Bd3 29.Ke1 Bxc4
30.Nc3 Rxb2 31.Rxg7 Nc5 32.Bd5 Nd3+ 33.Kd1 Nxf2+ 34.Kc1 Nd3+ 35.Kd1 Bxd5
36.Nxd5+ Ke6 37.Ne3 b5 38.Rxh7 b4 39.Rh6+ f6 40.g4 Nf2+ 41.Ke1 Kf7 42.h4 Nd3+
43.Kd1 Rh2 44.g5 fxg5 45.hxg5 Rxh6 46.gxh6 Kg6 47.Kc2 e4 48.Ng4 Nc5 49.Kb2 Kf7
50.Kc2 Kg6  1/2-1/2

[Event "11th Aeroflot Open B"]
[Site "Moscow RUS"]
[Date "2012.02.12"]
[Round "6"]
[White "Zenzera,A"]
[Black "Alavkin,A"]
[Result "1-0"]
[WhiteElo "2337"]
[BlackElo "2383"]

1.d4 d5 2.Nf3 Nf6 3.c4 c6 4.Qb3 e6 5.g3 dxc4 6.Qxc4 b5 7.Qc2 Bb7 8.Bg2 Nbd7
9.Nc3 a6 10.Ne5 Nxe5 11.dxe5 Nd7 12.Bf4 Qc7 13.O-O Be7 14.Ne4 c5 15.Rfd1 Nxe5
16.Qc3 f6 17.Bxe5 fxe5 18.Nd6+ Bxd6 19.Bxb7 Rd8 20.Bxa6 Rb8 21.Qd3 Ke7 22.a4 bxa4
23.Rxa4 Rb4 24.Rxb4 cxb4 25.Qe4 Bc5 26.e3 g6 27.Bb5 Bd6 28.Bc4 Kf7 29.b3 Rd8
30.Ra1 Be7 31.h4 Rd6 32.h5 Qc6 33.Qxe5 Qf3 34.hxg6+ hxg6 35.Qh8 Rd2 36.Qh7+ Kf6
37.Qh8+ Kf7 38.Qh7+ Kf6 39.Rf1 Bd6 40.Qh8+ Kf7 41.Qd8 Qg4 42.Qa8 Kf6 43.Qh8+ Kf7
44.Qh7+ Kf6 45.Bb5 Rd1 46.Qh8+ Kf7 47.Qe8+ Kg7 48.Qd7+ Kf6 49.Qd8+ Kg7 50.Bc4 Rd2
51.Qd7+ Kf6 52.Bb5 Rd1 53.Rxd1 Qxd1+ 54.Bf1 g5 55.Qd8+ Kg6 56.e4 e5 57.Qe8+ Kf6
58.Qd8+ Kg6 59.Qd7 g4 60.Qf5+ Kg7 61.Qd7+ Kf6 62.Kh2 Qd4 63.Qf5+ Ke7 64.Bc4 Kd8
65.Be2  1-0